Middlemarch/ (Record no. 159695)
[ view plain ]
| 000 -LEADER | |
|---|---|
| fixed length control field | 00503nam a22001937a 4500 |
| 010 ## - LCCN (DPL NO) | |
| LC control number | B-78201 |
| 020 ## - INTERNATIONAL STANDARD BOOK NUMBER | |
| International Standard Book Number | 0140620761 |
| 035 ## - SYSTEM CONTROL NUMBER | |
| System control number | B-78201 |
| 037 ## - SOURCE OF ACQUISITION | |
| Stock number | DBAD/PUB |
| Source of stock number/acquisition | Penguin Books |
| 082 ## - DEWEY DECIMAL CLASSIFICATION NUMBER | |
| Edition number | 1994 |
| Classification number | N |
| 100 ## - MAIN ENTRY--PERSONAL NAME | |
| Personal name | Eliot George |
| 245 ## - TITLE STATEMENT | |
| Title | Middlemarch/ |
| Statement of responsibility, etc | Eliot George |
| Medium | english |
| 250 ## - EDITION STATEMENT | |
| Edition statement | 1994 |
| 260 ## - PUBLICATION, DISTRIBUTION, ETC. (IMPRINT) | |
| Place of publication, distribution, etc | England |
| Name of publisher, distributor, etc | Penguin Books |
| Date of publication, distribution, etc | 1994 |
| 270 ## - ADDRESS | |
| Address | 27 wrights Lane London |
| 300 ## - PHYSICAL DESCRIPTION | |
| Extent | 795 Pages |
| Dimensions | 18 CM PBK |
| 700 ## - ADDED ENTRY--PERSONAL NAME | |
| Personal name | Eliot George |
| 942 ## - ADDED ENTRY ELEMENTS (KOHA) | |
| Source of classification or shelving scheme | Dewey Decimal Classification |
| Item type | English Books |
| Edition | 1994 |
| Classification part | N |
| Call number prefix | Eli |
| Call number suffix | Eliot George |
| Withdrawn status | Lost status | Not for loan | Collection code | Home library | Current library | Date acquired | Source of acquisition | Full call number | Barcode | Koha item type | Public note |
|---|---|---|---|---|---|---|---|---|---|---|---|
| Fiction | Sarojini Nagar | Sarojini Nagar | 01/01/2019 | Penguin Books Pvt Ltd | N Eliot George | B-78201 | English Books | Withdran List Prepared L.No.17/15 |
